Vista normal
Vista MARC
Entrada Nombre de reunión
Número de registros utilizados en: 1
001 - NÚMERO DE CONTROL
- campo de control: 67555
003 - IDENTIFICADOR DEL NÚMERO DE CONTROL
- campo de control: OSt
005 - FECHA Y HORA DE LA ÚLTIMA TRANSACCIÓN
- campo de control: 20200615035727.0
008 - DATOS DE LONGITUD FIJA
- campo de control de longitud fija: 200615|| aca||aabn | a|a d
040 ## - FUENTE DE LA CATALOGACIÓN
- Centro catalogador/agencia de origen: OSt
- Centro/agencia transcriptor: OSt
111 ## - ENCABEZAMIENTO--NOMBRE DE CONGRESO/REUNIÓN
- Nombre de congreso/reunión o jurisdicción como elemento de entrada: FERIA INTERNACIONAL DEL LIBRO
- Número del congreso/reunión o número de parte o sección: (12ª :
- Fecha del congreso/reunión: 2009 :
- Sede del congreso/Lugar de la reunión: SANTO DOMINGO, REPÚBLICA DOMINICANA)
- Subdivisión general: PROGRAMAS
670 ## - FUENTE DE DATOS ENCONTRADOS
- Cita de la fuente: Work cat.: (OSt)40550: Feria Internacional del Libro (12ª : 2009 : 20 de abril al 3 de mayo Santo Domingo, República Dominicana) 67554, XII Feria Internacional del Libro Santo Domingo 2009 :, 2009.
